书目信息 |
| 题名: |
中西古典学引论
|
|
| 作者: | 日知 著 | |
| 分册: | ||
| 出版信息: | 长春 东北师范大学出版社 1999 |
|
| 页数: | 570页 | |
| 开本: | 20cm | |
| 丛书名: | 东北师范大学博士生导师文库 | |
| 单 册: | ||
| 中图分类: | D59 | |
| 科图分类: | ||
| 主题词: | 政治制度--历史--世界 | |
| 电子资源: | ||
| ISBN: | 7-5602-2433-4 | |
| 000 | 00646nam0 2200229 450 | |
| 001 | 0635633889 | |
| 005 | 20060116100040.98 | |
| 010 | @a7-5602-2433-4@dCNY25.00 | |
| 092 | @aCN | |
| 100 | @a20060116d1999 km y0chiy0120 ea | |
| 101 | 0 | @achi |
| 102 | @aCN@b220000 | |
| 200 | 1 | @a中西古典学引论@Azhong xi gu dian xue yin lun@f日知著@Fri zhi zhu |
| 210 | @a长春@c东北师范大学出版社@d1999 | |
| 215 | 1 | @a570页@d20cm |
| 225 | @a东北师范大学博士生导师文库 | |
| 410 | 0 | @12001 @a东北师范大学博士生导师文库 |
| 606 | 0 | @a政治制度@x历史@y世界 |
| 690 | @aD59@v4 | |
| 701 | 0 | @a日知@Ari zhi@4著 |
| 801 | 0 | @aCN@bPFT@c20060116 |
| 905 | @a10447@dD59@e110 | |
| 中西古典学引论/日知著.-长春:东北师范大学出版社,1999 |
| 570页;20cm.-(东北师范大学博士生导师文库) |
| ISBN 7-5602-2433-4:CNY25.00 |
| ● |
| 相关链接 |
|
|
|
|
正题名:中西古典学引论
索取号:D59/110
 
预约/预借
| 序号 | 登录号 | 条形码 | 馆藏地/架位号 | 状态 | 备注 |
| 1 | 0337972 | 203379726 | 第一样本阅览室/ [索取号:D59/110] | 在馆 | |
| 2 | 0337973 | 203379735 | 第一借阅区/ [索取号:D59/110] | 在馆 | |
| 3 | 0337974 | 203379744 | 第一借阅区/ [索取号:D59/110] | 在馆 |